000 01774nam a2200409 c 4500
999 _c179316
_d179316
003 BLK
005 20231220005235.0
008 180411b bul|||||r ||||||| ||bul||
010 _aKNG00188095000
020 _a978-954-28-2073-4
040 _aBLK
041 _aBUL
_cBUL
072 7 _2bullib
_aН8302
_xФантастика Н
072 7 _2bullib
_aБ
_xБиблиотеки и библиотекари - в художествена литература
080 _aАмериканска литература (на САЩ)
_b821.111(73)
_x-312.9
_z821.111(73)-312.9
100 1 _aХокинс, Скот
_eпърви автор
_9341735
139 _aХокинс, Скот
_bХ 59
245 1 0 _aБиблиотеката на Въглен връх
_bРоман
_cСкот Хокинс; прев. от англ. Светлана Комогорова - Комата; * Светлана Николаева Комогорова.
257 _aUSA
260 _bDeja Book
_bСиела Норма
_c2016
_fСофия : Алианс принт
300 _a480 с.
_c21 см
380 _aX
500 _aОриг. загл. The Library At Mount Char / Scott Hawkins.
653 _aфантастика
653 _aромани
659 _aБ
659 _aН
700 1 _aКомогорова - Комата, Светлана
_eпрев. от англ.
_gКомогорова, Светлана Николаева
_9370886
700 _aКомогорова, Светлана Николаева
_9364272
852 _aЦб 280738
_bП
856 4 _qpdf
856 4 _qpdf
942 _cKNG
_n0
_018
944 _aCR
_c31.05.2016
_lCRON CRON
_k
944 _aED
_c15.03.2017
_lф /
_kЛюдмила_Стоянова
999 _d179316